000 00523nam a22001817a 4500
005 20130712122900.0
010 _aENG-107968
020 _c395.00
_a9789380755304
035 _aEN-91501
037 _bDBAD/PUB
100 _aPal, Rina
245 0 0 _aWomen of Midnapore in Indian freedom struggle /
_cby Rina Pol
260 _aKolkata
_bAruna Prakashan
_c2013
270 _a2, Kalidas Singha Lane,
_bKolkata
_e700009
300 _axix,242p.
_c18cm(Hb)
500 _aIncludes bibliographical references
942 _2ddc
_cEN
_mPAL
999 _c77440
_d77440